Word Ladder: Fairytale Duo Quiz Stats

 Plays Quiz Updated Jan 27, 2013

Support Sporcle.
Go Orange.
Score 0/15 Timer 03:00
1 Play Today
Clue 6-Letter Answer % Correct
Left-____, right-____ or ambidextrousHANDED
95.8%
Was abandoned in the woods with [#15] and captured by a cannibalistic witchHANSEL
95.6%
Was abandoned in the woods with [#1] and captured by a cannibalistic witchGRETEL
92.9%
Rodent dam builderBEAVER
92%
Male or femaleGENDER
91.5%
George Frideric ____, baroque composerHANDEL
90%
Adult male gooseGANDER
87.6%
Bolder or more courageousBRAVER
85.5%
Clue 6-Letter Answer % Correct
Rude robot character in 'Futurama'BENDER
82.4%
Guided an aircraft safely to the runwayLANDED
80.3%
Jewelry making toolBEADER
76.7%
Frederick W. ____, US transcontinental explorerLANDER
74.4%
Small rock fragmentsGRAVEL
62.4%
Carver or sculptor GRAVER
61.2%
___ Lindop, English poet and literary criticGREVEL
58.9%

Today's Daily Dose

You're not logged in!

Compare scores with friends on all Sporcle quizzes.
OR
Log In

From the Vault

Cartoon Villains by Picture

by zhambsch

These characters get angry when animated.
Remove Ads.
Support Sporcle.
Get the best of Sporcle when you Go Orange. This ad-free experience offers more features, more stats, and more fun while also helping to support Sporcle. Thank you for becoming a member.

Show Comments

Extras

Top Quizzes Today


Score Distribution

Your Account Isn't Verified!

In order to create a playlist on Sporcle, you need to verify the email address you used during registration. Go to your Sporcle Settings to finish the process.

Report this User

Report this user for behavior that violates our Community Guidelines.

Details: